| 000 | 00366nam a2200145Ia 4500 | ||
|---|---|---|---|
| 005 | 20250313102045.0 | ||
| 008 | 240331s9999 xx 000 0 und d | ||
| 082 |
_bDAN _a894 |
||
| 100 | _aDaniel, K | ||
| 245 | 0 | _aThanneer | |
| 260 |
_aUppulipaalayam _bVidiyal Pathpagam _c1993 |
||
| 300 | _a254 p ., | ||
| 500 | _aA novel About panchamar Society People | ||
| 942 | _cL | ||
| 999 |
_c3959 _d3959 |
||